| 000 | 00962nas a2200313 4500 | ||
|---|---|---|---|
| 001 | BR0301818 | ||
| 003 | BR-BrBNA | ||
| 005 | 20231205103703.0 | ||
| 007 | ta | ||
| 008 | 230509b bl.|||p| |||| 00| 00por d | ||
| 040 |
_aBR-BrBNA _bpor _cBiblioteca Nacional de Agricultura |
||
| 041 | _a(Pt) | ||
| 072 | _aF61; F01 | ||
| 100 | 1 | _aTavares, J.C. | |
| 100 | 1 | _aFachinello, J.C. | |
| 100 | 1 | _aSilva, J.B. da | |
| 100 | 1 | _aHerter, F.G. | |
| 245 | 1 | _aFitorreguladores no aumento da frutificação efetiva e partenocarpia em peras cv. Garber | |
| 650 | _aPÊRA | ||
| 650 | _aÁCIDO GIBERÉLICO | ||
| 650 | _aÁCIDO NAFTALENO-ACÉTICO | ||
| 650 | _aFRUTIFICAÇÃO | ||
| 650 | _aINDUÇÃO | ||
| 650 | _aREGULADOR DE CRESCIMENTO | ||
| 650 | _aRIO GRANDE DO SUL | ||
| 773 | 0 |
_tRevista Brasileira de Fruticultura (Brazil) _xISSN 0100-2945 _g(Dec 2002), v. 24(3) p. 629-630 _wBR0301818 |
|
| 909 |
_a202311 _bLúcia _c55 _dLúcia Elande |
||
| 942 |
_2AGRIS _n0 _cANA |
||
| 999 |
_c174215 _d174215 |
||